नेत्तृत्व आणि प्रशासन...../ (Record no. 27920)

MARC details
000 -LEADER
fixed length control field 01501nam a22002897a 4500
005 - DATE AND TIME OF LATEST TRANSACTION
control field 20090626140648.0
008 - FIXED-LENGTH DATA ELEMENTS--GENERAL INFORMATION
fixed length control field 090624t xxu||||| |||| 00| 0 mar d
010 ## - LCCN (DPL NO)
LC control number MAR-20084
020 ## - INTERNATIONAL STANDARD BOOK NUMBER
Terms of availability 180.00
035 ## - SYSTEM CONTROL NUMBER
System control number MR-12742
037 ## - SOURCE OF ACQUISITION
Source of stock number/acquisition DBAD / PUB
040 ## - CATALOGING SOURCE
Original cataloging agency DPL
Language of cataloging MR
082 ## - DEWEY DECIMAL CLASSIFICATION NUMBER
Classification number 363.20954
100 ## - MAIN ENTRY--PERSONAL NAME
Personal name बेदी, किरण
9 (RLIN) 46693
245 ## - TITLE STATEMENT
Title नेत्तृत्व आणि प्रशासन...../
Statement of responsibility, etc किरण बेदी: माधुरी शानभाग द्वारा अनुदित
246 ## - VARYING FORM OF TITLE
Title proper/short title Natertatv Ani Prashashan
Remainder of title by Kiran Bedi
260 ## - PUBLICATION, DISTRIBUTION, ETC. (IMPRINT)
Place of publication, distribution, etc पुणे
Name of publisher, distributor, etc मेहता पब्लिशिंग हाऊस
Date of publication, distribution, etc 2009
270 ## - ADDRESS
Address 1941,सदाशिव पेठ,माडीवाले कॉलनी
City पुणे
Postal code 4110030
300 ## - PHYSICAL DESCRIPTION
Extent 237 पृ
Dimensions 21 सेमी(अजिल्द)
490 ## - SERIES STATEMENT
Series statement अँज आय सी...
-- 46694
500 ## - GENERAL NOTE
General note समान ISBN 8177664875 "स्त्रियांचे सक्षमीकरण.आणि भारतीय पोलीस सेवा"
650 ## - SUBJECT ADDED ENTRY--TOPICAL TERM
Topical term or geographic name as entry element महिला पुलिस
9 (RLIN) 46695
650 ## - SUBJECT ADDED ENTRY--TOPICAL TERM
Topical term or geographic name as entry element Police Women
9 (RLIN) 46696
700 ## - ADDED ENTRY--PERSONAL NAME
Personal name शानभाग,माधरी
9 (RLIN) 46697
942 ## - ADDED ENTRY ELEMENTS (KOHA)
Source of classification or shelving scheme Dewey Decimal Classification
Item type Marathi Books
Call number suffix बेदीकि
Classification part 363.20954
Holdings
Withdrawn status Lost status Source of classification or shelving scheme Damaged status Not for loan Collection code Home library Current library Date acquired Source of acquisition Cost, normal purchase price Total Checkouts Full call number Barcode Date last seen Copy number Cost, replacement price Koha item type
    Dewey Decimal Classification   Not For Loan Non-fiction D.B.Act.Division D.B.Act.Division 27/06/2009 DBAD / PUB 180.00   363.20954 बेदीकि MR-12742 27/06/2009 1 180.00 Marathi Books

© Delhi Public Library
Hit Counter
free hit counter